01464nam a2200193 a 450000100100000000500170001000800410002724503080006826000400037630000200041650500650043670000620050195201700056395201670073395201700090095201700107099900170124004000130125700003363920200930070415.0110902s1837 es 000 0 spa d00aColección de los Viages y Descubrimientos que hicieron por mar los españoles desde fines del siglo XV con varios documentos inéditos concernientes a la historia de la Marina Castellana y de los establecimientos españoles en Indias /cCoordinada e ilustrada por Martín Fernández de Navarrete. aMadrid :bImprenta Nacional,c1837. a416p. ;c23 cm.0 tv. 4 Expediciones al Maluco: Viage de Magallanes y de Elcano1 aFernández de Navarrete, Martínd1756-1844eed.959113 001050718RVaPDbPDcCTd2011-09-02iLF1l0ov. 4p33639-10r2020-06-25w2020-06-25y1zPerteneció a la biblioteca personal de Julio Ortega Frier.ZNo se presta 001050718RVaPDbPDcCTd2011-09-02iLF1l0o p33639-20r2020-06-25w2020-06-25y1zPerteneció a la biblioteca personal de Julio Ortega Frier.ZNo se presta 001050718RVaPDbPDcCTd2011-09-02iLF1l0ov. 3p33639-30r2020-06-25w2020-06-25y1zPerteneció a la biblioteca personal de Julio Ortega Frier.ZNo se presta 001050718RVaPDbPDcCTd2011-09-02iLF1l0ov. 2p33639-40r2020-06-25w2020-06-25y1zPerteneció a la biblioteca personal de Julio Ortega Frier.ZNo se presta c33130d33130 aDO-SdBNP